000 00430nam a2200145Ia 4500
008 221007s9999 xx 000 0 und d
041 _aeng
082 _bSAN
100 _aSanika Uchgaonkar - 2k151178 & Prof. Pranita Sonar - Guide
_9105147
245 4 _aThe Study Of Employee Engagement In Mercedes-benz India Ltd
260 _c2015
_bSavitribai Phule Pune University
_aPune
300 _a75p
440 _v1
906 _bGeneral
999 _c80047
_d80047